Statistics for Collectors and their Hobbies

Click here to take the quiz!

General Stats

  • This quiz has been taken 36 times
  • The average score is 7 of 20

Answer Stats

HintAnswer% Correct
BibliophileBooks
84%
DiscophileVinyl records
74%
ConchologistShells
68%
SucrologistSugar packets
68%
NumismatistCoins
58%
PhilatelistPostage stamps
58%
LepidopteristButterflies
48%
OologistBirds' eggs
45%
NotaphilistBanknotes
42%
PhilographistAutographs
32%
TegestologistBeer mats
26%
VexillologistFlags
26%
PlangonologistDolls
19%
ArctophileTeddy Bears
16%
DigitabulistThimbles
16%
PannapictagraphistComic books
13%
CartophilistCigarette cards
10%
PhillumenistMatchboxes
10%
PhaleristMedals and awards
10%
DeltiologistPostcards
10%

Score Distribution

Percentile by Number Answered

Percent of People with Each Score

Your Score History

You have not taken this quiz